Responses for Show #813 - Wednesday, March 2, 1988

Contestants

Sandy Taylor, a marketing representative from Oakland, California

Phil Marti, a group manager from Studio City, California

Michael Shutterly, a bank officer from Elkridge, Maryland (whose 4-day cash winnings total $49,200)

[next game >>]

Jeopardy! Round responses

STATE CAPITALS
ROYAL RUMORS
SPORTS
FRUITS & VEGETABLES
TV TRIVIA
RHYME TIME
    $100 5
[NOTE: Alex did not name the fifth one.]

(1 of) Atlanta (Albany, Annapolis, Augusta, Austin)

Sandy
    $100 7
an arrow

Sandy
    $100 14
baseball

Phil
    $100 6
a cucumber

Phil
    $100 23
(Phil: What is Designing Ladies?)

Designing Women

MichaelPhil
    $100 15
Grant's aunts

Sandy
    $200 4
(1 of) Boise (Bismarck, Boston, Baton Rouge)

Phil
    $200 18
Jack the Ripper

Michael
    $200 22
a double dribble

Phil
    $200 8
Chinese peas (snow peas)

Sandy
    $200 25
(Alex: We've less than a minute to go.)

Geraldo Rivera

Phil
    $200 16
a bony pony

Triple Stumper
    $300 1
(1 of) Lincoln (Lansing, Little Rock)

Phil
    $300 10
Cleopatra

Michael
    $300 27
(Phil: What is a [***]?)
(Alex: Nope. Yeah, we'll accept that; we would have accepted [*] or [**] or [***].)

bull (steer, cow)

Phil
    $300 9
a musk melon

Michael
    $300 24
Ripley

Michael
    $300 17
[NOTE: "Psychos" is how the word was written in the clue.]

Bates' dates

Phil
    $400 2
(1 of) Oklahoma City (Olympia)

Michael
    $400 11
(Alex: It was very handy for wearing lots of rings, obviously.)
[Sandy laughs]

Anne Boleyn

Sandy
    $400 29
the Masters

Michael
    $400 12
(Alex: Yes, Nilsson song.)
[The song was reprised going into the break.]

(1 of) lime (coconut)

Sandy
    $400 26
Bat Masterson

Michael
    $400 19
a lanky Yankee

Triple Stumper
    $500 3
Nashville

Phil
    $500 20
Princess Anne

Sandy
    $500 30
Gordie Howe

Michael
    $500 13
Romaine

Triple Stumper
    $500 28
(Michael: What is Rawhide?)

Mr. Ed

MichaelSandy
    $500 21
a pop top

Triple Stumper

Scores at the first commercial break (after clue 12):

Michael Phil Sandy
$1,000 $1,100 $1,200

Scores at the end of the Jeopardy! Round:

Michael Phil Sandy
$2,400 $2,100 $2,300

Double Jeopardy! Round responses

ENGLISH CITIES
BROADWAY LYRICS
IOWANS
MOUNTAINS
CHEMISTRY
"MR." & "MRS."
    $200 6
Dover

Phil
    $200 11
Lola gets

Phil
    $200 15
John Wayne

Phil
    $200 22
the Himalayas

Phil
    $200 3
hydrogen

Sandy
    $200 23
Mr. Goodwrench

Michael
    $400 4
Bath

Michael
    $400 9
Camelot

Michael
    $400 13
Horace Greeley

Phil
    $400 24
(Mount) Fuji

Michael
    $400 2
the atom

Michael
    $400 29
Mr. Mister

Michael
    $600 5
Lincoln green

Michael
    $600 1
Bill

Sandy
    $600 12
World War II

Michael
    $600 17
(Michael: What is the center of the Earth?)

the sea floor

MichaelSandy
    $600 18
carbon

Phil
    $600 30
(Michael: What is Mr. Chips?)

Mrs. Fields

MichaelPhil
    $800 10
Brighton

Phil
    $800 7
"Send In The Clowns"

Phil
    $800 14
Buffalo Bill Cody

Michael
    $1,000 19
Canada

Phil
    $1,000 25
(Alex: We've got less than a minute to go.)

earth, air, fire & water

Michael
    $800 28
Mr. Mike

Michael
    $1000 21
Sheffield

Michael
    $1000 8
A Chorus Line

Phil
    $1000 16
Billy Sunday

Phil
    $1000 20
(1 of) Italy (Austria)

Michael
    $1000 26
rings

Sandy
    $1000 27
Mrs. Mike

Triple Stumper

Scores at the end of the Double Jeopardy! Round:

Michael Phil Sandy
$9,200 $9,100 $4,700

[wagering suggestions for these scores]

Final Jeopardy! Round responses

TRAVEL & TOURISM
(Alex: Italy and Canada are tied with 7 consulates.)
SandyWhat is Mexico?
$4,700
PhilWhat is Canada?
$9,100
MichaelWhat is Great Britain (U.K.)?
$9,001
Mexico

Final scores:

Michael Phil Sandy
$199 $0 $9,400
2nd place: Hotpoint cooking center & Capri track lighting 3rd place: Landes coffee & tea set New champion: $9,400

Game dynamics:

Coryat scores:

Michael Phil Sandy
$9,000 $8,900 $4,700
22 R
(including 1 DD),
3 W
21 R
(including 1 DD),
1 W
12 R
(including 1 DD),
0 W

Combined Coryat: $22,600

[game clues] [game scores] [suggest correction]

Game tape date: 1987-11-10
The J! Archive is created by fans, for fans. Scraping, republication, monetization, and malicious use prohibited; this site may use cookies and collect identifying information. See terms. The Jeopardy! game show and all elements thereof, including but not limited to copyright and trademark thereto, are the property of Jeopardy Productions, Inc. and are protected under law. This website is not affiliated with, sponsored by, or operated by Jeopardy Productions, Inc. Join the discussion at JBoard.tv.